Latin artists by Picture 7 - Statistics

General Stats
  • This quiz has been taken 10 times
  • The average score is 12 of 20
Answer Stats
Picture Answer % Correct
Ela A El Dominio
100%
Nathy Peluso
100%
Tego Calderon
100%
Fuerza Regida
67%
Hector Acosta
67%
Juan Luis Guerra
67%
Kali Uchis
67%
Makano
67%
N.O.R.E.
67%
Pedro Capo
67%
Raulin Rodriguez
67%
Tony Dize
67%
Xtreme
67%
Yomo
67%
Chyno Nyno
33%
Gotay
33%
J-King
33%
Julio Voltio
33%
Maximan
33%
Nina Sky
33%
No matching quizzes found
Score Distribution
Percent of People with Each Score
Percentile by Number Answered
Your Score History
You have not taken this quiz